• 首页
  • 本馆介绍
  • 公告通知
  • 最新文献
  • 馆藏检索
  • 电子资源
  • 读者导购
  • 参考咨询
  • 我的图书馆
  • 登录
  • 详细信息显示
  • 放入我的书架
  • 预约/预借图书
  • 作者相关作品
  • 分类相关作品
  • 丛书相关作品
  • 出版社相关作品

书目信息

  • 表格格式
  • 工作单格式
  • 卡片格式
书名: Fuzzy reasoning and its applications
作者: edited by E.H. Mamdani, B.R. Gaines.
分册号:
分册名:
出版地: London ;
 
出版社: Academic Press
出版时间: 1981.
页数: xviii, 381 p. ;
开本: 26 cm.
丛书名: Computers and people series
中图分类号:
科图分类号:
其他分类号: O159
主题词:
电子资源:
000 00690cam 22002413a 4504
001 E0753116715
003 CaOON
005 20070302144634.39
008 810911s1981 enk eng r
010    @a81067148
020    @a0124677509.
040    @aCaOON@beng@dCaOOCC
090    @aP164/W142
090    @aO159
099    @dO159@ex2
245 00 @aFuzzy reasoning and its applications / @cedited by E.H. Mamdani, B.R. Gaines.
260    @aLondon ;@aToronto :@bAcademic Press,@c1981.
300    @axviii, 381 p. ;@c26 cm.
440  0 @aComputers and people series.
650  0 @aFuzzy sets.
700 10 @aMamdani, E. H.
700 10 @aGaines, Brian R.
920    @a232010@z2
    
    Fuzzy reasoning and its applications / / edited by E.H. Mamdani, B.R. Gaines.-London ; ; Toronto : : Academic Press, , 1981.
    xviii, 381 p. ; ; 26 cm.- (Computers and people series. )
    
    
    ISBN 0124677509.
    
●
相关链接 在E读中查询图书 在五车中查询图书 在当当中查询图书 在豆瓣中查询图书


正题名:Fuzzy reasoning and its applications     索取号:O159/x2         预约/预借

序号 登录号 条形码 馆藏地/架位号 状态 备注
1 182026   000453734   第二样本阅览室/ [索取号:O159/x2] 在馆    
2 182027   000453789   第四借阅区/ [索取号:O159/x2] 在馆    
唐山师范学院图书馆 欢迎您!
大连网信软件有限公司© 版权所有